| 000 | 00434nam a22001697a 4500 | ||
|---|---|---|---|
| 005 | 20260304132204.0 | ||
| 008 | 260304b |||||||| |||| 00| 0 eng d | ||
| 020 | _a9781526459329 | ||
| 050 |
_aRT81.5 _bE45 |
||
| 100 | _aEllis, Peter | ||
| 245 | _aEvidence-based Practice in Nursing | ||
| 250 | _a4th | ||
| 260 |
_aLondon _bSage Publication Inc _c2019 |
||
| 300 | _ax, 194p. | ||
| 650 | _aNursing- Resaerch Methodology | ||
| 942 | _cBK | ||
| 999 |
_c4583 _d4583 |
||